000 01119nam a2200301 i 4500
001 175636
003 ES-MaACL
005 20250808001333.0
007 t|
008 101112s1979 sp f r ||||1| spa d
020 _a84-220-0910-2
080 _a27 Juan de la Cruz, Santo
080 _a2-632
100 0 _aJuan Pablo
_bII
_cPapa, Santo.
_9162513
245 1 3 _aLa fe según San Juan de la Cruz /
_cKarol Wojtyla ; traducción e introducción de Álvaro Huerga.
250 _a2ª ed.
260 _aCittà del Vaticano :
_bEditrice Vaticana ;
_aMadrid :
_bEDICA,
_c1979.
300 _aXXXIII, 282 p. ;
_c18 cm.
490 1 _aBiblioteca de autores cristianos. Serie Minor ;
_v53
504 _aBibliografía: p. XXXI-XXXIII.
594 _aTít. original: Doctrina de fide apud S. Joannem a Cruce.
600 0 4 _aJuan de la Cruz
_cSanto-
_xCrítica e interpretación.
_967112
650 0 4 _aFe.
_912734
700 1 _aHuerga, Álvaro (
_d1923-2018)
_9140640
830 0 0 _aBiblioteca de autores cristianos.
_pMinor
_v53
_9189814
852 _aES-MaACL
_jE-13513
_xOlim P-1255
999 _c175636
_d175636